| 000 | 00530cam a2200193 4500 | ||
|---|---|---|---|
| 001 | a4620950 | ||
| 003 | DO-SdBNP | ||
| 005 | 20230725093854.0 | ||
| 008 | 230724b2009 spa |||| 00| 0 spa d | ||
| 020 | _a9788408087786 | ||
| 040 |
_aBPMSU _bspa _cBPMSU |
||
| 082 | 4 |
_a823.73 _2S642k 2009 _b22 |
|
| 100 | 1 | _aSmith, Kathryn | |
| 245 | 1 | 0 |
_aAún te llevo en el corazón / _cKathryn Smith |
| 260 |
_aBarcelona: _bEditorial Planeta, _c2009 |
||
| 300 |
_a375 p. ; _c22 cm. _3 |
||
| 910 | _aVMateo V. Control de calidad | ||
| 942 |
_2ddc _cBK |
||
| 999 |
_c14446 _d14446 |
||